[Event "It (cat.7)"]
[Site "Vrnjacka Banja (Serbia)"]
[Round "0"]
[White "Barlov Dragan (SRB)"]
[Black "Kostic Vladimir (SRB)"]
[Result "1-0"]
[WhiteElo "2405"]
[BlackElo "2255"]

1.c4 c5 2.Nc3 Nc6 3.Nf3 g6 4.e3 Bg7 5.d4 Nf6 6.d5 Nb8 7.Be2 d6 8.h3 O-O 9.O-O
e6 10.e4 exd5 11.cxd5 a6 12.a4 Nbd7 13.Bf4 Ne8 14.Re1 Qe7 15.a5 Rb8 16.Qc2 b5
17.axb6 Rxb6 18.Nd2 g5 19.Bg3 Ne5 20.Bxe5 Bxe5 21.Nc4 Rb4 22.Nxe5 Qxe5 23.Bxa6
Bxa6 24.Rxa6 Nc7 25.Rc6 Nb5 26.Nxb5 Rxb5 27.Qc3 Rxb2 28.Qxe5 dxe5 29.Rxc5 Ra8
30.d6 Rd2 31.Rxe5 h6 32.h4 gxh4 33.Rd5 Rxd5 34.exd5 Rd8 35.Kh2 Rxd6 36.Rd1 Kf8
37.Kh3 Rf6 38.d6 Ke8 39.d7+ Kd8 40.f3 Rf4 41.Rd2 f6 42.Rd3 Ra4 43.Rd1 Rb4
44.Rd5 Ra4 45.Kh2 Ra6 46.Rd4 f5 47.Kh3 Rg6 48.Rd2 f4 49.Kxh4 Rg5 50.Kh3 Rg3+
51.Kh2 Rg6 52.Rd4 Rb6 53.Kh3 Rg6 54.Rd2 Rg3+ 55.Kh2 Rg6 56.Rd4 Rb6 57.Rxf4
Kxd7 58.Re4 Rb5 59.g4 Kd6 60.Kg3 Rb3 61.Re2 Kd7 62.Kf4 Ra3 63.Re3 Ra5 64.Re5
Ra3 65.Ke4 Rb3 66.f4 Rb1 67.Kf3 Rf1+ 68.Kg3 Rb1 69.f5 Rh1 70.Kg2 Rh4 71.Kg3
Rh1 72.Re6 Rg1+ 73.Kf4 Rf1+ 74.Ke5 Rg1 75.Rxh6 Rxg4 76.Re6 {#r} 1-0

[Event "Zt"]
[Site "Marbella (Spain)"]
[Round "0"]
[White "Seret Jean-Luc (FRA)"]
[Black "Gomez Adalberto (CUB)"]
[Result "1-0"]
[WhiteElo "2400"]
[BlackElo "2271"]

1.c4 c5 2.Nc3 Nc6 3.Nf3 g6 4.e3 e5 5.d4 exd4 6.exd4 cxd4 7.Nxd4 Bg7 8.Ndb5 Be5
9.Be2 Nge7 10.Nd6+ Bxd6 11.Qxd6 O-O 12.Bh6 Re8 13.g4 Qa5 14.f4 Nd8 15.Qf6 Ne6
16.f5 gxf5 17.gxf5 Qxf5 18.Rg1+ {#r} 1-0

[Event "Bundesliga 1982/83"]
[Site "Germany"]
[Round "0"]
[White "Mueller Heinz (GER)"]
[Black "Calvo Minguez Ricardo (ESP)"]
[Result "1-0"]
[WhiteElo "2194"]
[BlackElo "2315"]

1.c4 c5 2.Nc3 Nc6 3.Nf3 g6 4.e3 Bg7 5.Be2 d6 6.O-O Nh6 7.b3 Bxc3 8.dxc3 f6
9.Ne1 Nf7 10.Nc2 Bd7 11.e4 e6 12.Bf4 Qe7 13.Bg3 h5 14.h3 O-O-O 15.b4 h4 16.Bh2
f5 17.exf5 gxf5 18.Qd2 Rhg8 19.Kh1 Nce5 20.b5 Ng5 21.Qe3 Ne4 22.Bxe5 dxe5
23.Bf3 Be8 24.Rfd1 Bg6 25.Bxe4 fxe4 26.Ne1 Bf5 27.a4 b6 28.Kh2 Qc7 29.Kh1 Kb7
30.Qe2 Rdf8 31.Qe3 Bg6 32.Rd2 Rf4 33.a5 Rd8 34.axb6 axb6 35.Rda2 Qb8 36.Ra6
Bh5 37.Rxb6+ Kxb6 38.Ra6+ Kc7 39.Qxc5+ Kd7 40.Ra7+ Qxa7 41.Qxa7+ Ke8 42.Qh7
Bf7 43.Qh8+ Kd7 44.Qxe5 Rxf2 45.Qd4+ {#r} 1-0

[Event "Ch Argentina (under 26)"]
[Site "Pehuajo (Argentina)"]
[Round "8"]
[White "Casafus Ruben (ARG)"]
[Black "Gomez Baillo Jorge H (ARG)"]
[Result "0-1"]
[WhiteElo "2320"]
[BlackElo "2330"]

1.c4 c5 2.Nc3 Nc6 3.Nf3 g6 4.e3 Bg7 5.d4 d6 6.d5 Ne5 7.Nd2 f5 8.Be2 Nf6 9.O-O
O-O 10.f4 Nf7 11.Bf3 Rb8 12.e4 e5 13.dxe6 Bxe6 14.exf5 gxf5 15.Qe2 Qd7 16.Qd3
Ng4 17.Bxg4 fxg4 18.Nde4 Nh6 19.Be3 Nf5 20.Ng5 h6 21.Nxe6 Qxe6 22.Bf2 Rfe8
23.Rae1 Qf7 24.Ne4 Rbd8 25.b3 b6 26.Qd1 Qg6 27.Ng3 Nxg3 28.Bxg3 Bd4+ 29.Bf2
Bxf2+ 30.Kxf2 Rxe1 31.Rxe1 Qf5 32.Kg3 h5 33.Qd5+ Qxd5 34.cxd5 Kf7 35.Re6 b5
36.Kh4 c4 37.bxc4 bxc4 38.Kxh5 c3 39.Re2 Rg8 40.Rc2 Kf6 41.Kh4 g3 42.hxg3 Kf5
43.g4+ Kxf4 44.g3+ Ke5 45.g5 Rc8 46.Kh5 Kxd5 47.Kh6 Kc4 {#R} 0-1

[Event "It "]
[Site "New York (USA)"]
[Round "0"]
[White "Salmon Neil V (USA)"]
[Black "Tomkins Ken (USA)"]
[Result "0-1"]
[WhiteElo "2161"]
[BlackElo "2345"]

1.c4 c5 2.Nc3 Nc6 3.Nf3 e6 4.g3 b6 5.Bg2 Bb7 6.O-O Nf6 7.d4 cxd4 8.Nxd4 Qb8
9.e4 Be7 10.b3 O-O 11.Bb2 a6 12.Qd2 Rd8 13.Nde2 d6 14.Qe3 Nd7 15.Rfd1 Nc5
16.f4 Bf8 17.Kh1 b5 18.cxb5 axb5 19.Nxb5 Nb4 20.Rd2 Bxe4 21.Bxe4 Nxe4 22.Qxe4
Qxb5 23.Nc3 Qb8 24.a3 d5 25.Qf3 Nc6 26.b4 Rc8 27.Ne2 Nd8 28.Qd3 Nb7 29.Rc2
Rxc2 30.Qxc2 Nd6 31.Be5 Qa7 32.Bd4 Qb7 33.Qd3 Nc4 34.Nc1 f6 35.Qe2 Kf7 36.Ra2
g6 37.Qd3 Ra4 38.Qb3 Qa8 39.Bb2 Ne3 40.Kg1 Nc4 41.Nd3 Qa7+ 42.Kg2 h5 43.Bc1
Be7 44.Re2 Qd7 45.Ne1 Ra8 46.Nf3 Nd6 47.Qd3 Rc8 48.Rc2 Qb5 49.Qd2 Ne4 50.Qd1
Qa4 51.Nd4 Rc4 52.Bb2 Qa8 53.Qd3 Rxc2+ 54.Qxc2 Nd6 55.Qc6 Qxc6 56.Nxc6 Nc4
57.Bc1 Nb6 58.Nxe7 Kxe7 59.Be3 Nc4 60.Bc5+ Kd7 61.b5 e5 62.fxe5 fxe5 63.Kf3
Nb2 64.Bb4 Na4 65.Ke3 Kc7 66.Ba5+ Kd6 67.Bb4+ Kc7 68.Kd3 Kb6 69.Bd6 Nb2+
70.Kc3 Nc4 71.Bxe5 Nxe5 72.Kd4 Nf3+ 73.Kxd5 Nxh2 74.Ke5 Nf1 75.Kf4 Nxg3 76.a4
Nf5 77.Kg5 Ne7 78.Kh4 Nd5 {#R} 0-1

[Event "It"]
[Site "Rome (Italy)"]
[Round "0"]
[White "Bukal Vladimir Jr (CRO)"]
[Black "Pernisco Ermanno (ITA)"]
[Result "1-0"]
[WhiteElo "2420"]
[BlackElo "2237"]

1.c4 c5 2.Nc3 Nc6 3.Nf3 g6 4.e3 Bg7 5.d4 cxd4 6.exd4 Nf6 7.d5 Nb8 8.Bd3 d6
9.h3 e5 10.dxe6 fxe6 11.O-O O-O 12.Re1 Nc6 13.Bg5 Qa5 14.a3 Nh5 15.b4 Qb6
16.Be3 Qd8 17.Rc1 Nf4 18.Bf1 Kh8 19.g3 Nh5 20.Bg2 Nf6 21.Qd2 Ne7 22.g4 b6
23.Ng5 d5 24.Bf4 a5 25.Nb5 e5 26.Bxe5 Qd7 27.Nc7 Ra7 28.Nce6 {#r} 1-0

[Event "Ch World (team) (under 26)"]
[Site "Mendoza (Argentina)"]
[Round "9"]
[White "Luce Sebastien (FRA)"]
[Black "Barreto Luiz N M (BRA)"]
[Result "0-1"]
[WhiteElo "2310"]
[BlackElo "2314"]

1.c4 c5 2.Nc3 Nc6 3.Nf3 g6 4.e3 Nf6 5.d4 cxd4 6.Nxd4 Bg7 7.Nc2 d6 8.e4 a6
9.Be2 O-O 10.O-O Bd7 11.Be3 Qc7 12.Rc1 Rfc8 13.f3 Be8 14.Na3 Qd8 15.Qd2 Nd7
16.Rfd1 Qa5 17.Nd5 Qxd2 18.Rxd2 Kf8 19.b3 Nd8 20.Rcd1 Ne6 21.Nb1 Rab8 22.Na3
Nc7 23.Nb6 Nxb6 24.Bxb6 Ne6 25.Nc2 Nc5 26.Nd4 Bh6 27.Rd3 Nxd3 28.Rxd3 Bc1
29.a4 Ba3 30.Ba5 Bc5 31.Kf1 b5 32.axb5 axb5 33.Nxb5 Bxb5 34.cxb5 Rxb5 35.Bd2
Ra8 36.Bh6+ Kg8 37.Bd1 Ra2 38.Rd2 Rba5 39.Ke2 Bb4 40.Rc2 Rxc2+ 41.Bxc2 e6
42.Kd3 Rc5 43.Bd1 f6 44.Be3 Rc3+ 45.Ke2 Rc8 46.h4 Kf7 47.g4 Ke7 48.f4 d5
49.exd5 exd5 50.h5 gxh5 51.gxh5 f5 52.Kd3 Rg8 53.Bf3 Rg3 54.Ke2 Ke6 55.Bd4 Rg8
56.Be3 Rc8 57.Kd3 Ba3 58.Bd2 Bc1 59.Bxc1 Rxc1 60.Kd4 Kd6 {#R} 0-1

[Event "?"]
[Site "Montpellier (France)"]
[Round "0"]
[White "Murey Jacob (ISR)"]
[Black "Afek Yochanan (ISR)"]
[Result "1-0"]
[WhiteElo "2399"]
[BlackElo "2252"]

1.c4 c5 2.Nc3 Nc6 3.Nf3 g6 4.d4 cxd4 5.Nxd4 Bg7 6.Nb3 d6 7.e4 Be6 8.Be3 Nf6
9.f3 O-O 10.Rc1 Rc8 11.Nd2 a6 12.Be2 Ne5 13.b3 Qa5 14.a4 Nfd7 15.Ndb1 b5 16.f4
bxc4 17.b4 Qxb4 18.fxe5 Bxe5 19.O-O Nc5 20.Qc2 f5 21.exf5 Rxf5 22.Bf3 Bg7
23.Rcd1 Qb3 24.Qe2 Nd3 25.Ba7 Bf7 26.Bg4 Qb7 27.Qe3 Bh6 28.Qb6 Rxf1+ 29.Rxf1
Qxb6+ 30.Bxb6 Rc6 31.a5 d5 32.Bd7 Rd6 33.Bc8 d4 34.Ne4 Be3+ 35.Kh1 Rc6 36.Bxa6
Bd5 37.Nbd2 c3 38.Bxd3 cxd2 39.Nc5 Rf6 40.Ra1 e5 41.Be4 Bc4 42.Bf3 e4 43.Nxe4
d1=Q+ 44.Rxd1 Rxf3 45.gxf3 Be2 46.Kg2 Bxd1 47.Nc5 Be2 48.a6 Bb5 49.a7 Bc6
50.Ne6 g5 51.Bxd4 Bf4 52.h4 h6 53.Nxf4 gxf4 54.h5 {#r} 1-0

[Event "It (open)"]
[Site "St. Ingbert (Germany)"]
[Round "6"]
[White "Bock Andreas (GER)"]
[Black "Broberg Horst (GER)"]
[Result "1-0"]
[WhiteElo "2198"]
[BlackElo "2091"]

1.c4 c5 2.Nc3 Nc6 3.Nf3 g6 4.e3 d6 5.d4 Bg4 6.Be2 Bg7 7.d5 Bxf3 8.Bxf3 Bxc3+
9.bxc3 Ne5 10.Be2 Qa5 11.Qc2 Nf6 12.Rb1 Ned7 13.Rb5 Qc7 14.e4 a6 15.Rb2 Qa5
16.Rxb7 O-O 17.O-O Rab8 18.Rb3 Qa4 19.Bd3 Ne5 20.Rxb8 {#r} 1-0

[Event "Ch Paris"]
[Site "Paris (France)"]
[Round "2"]
[White "Murey Jacob (ISR)"]
[Black "Sokolowski Stanislaw (POL)"]
[Result "1-0"]
[WhiteElo "2399"]
[BlackElo "2266"]

1.c4 c5 2.Nc3 Nc6 3.Nf3 g6 4.d4 cxd4 5.Nxd4 Bg7 6.Nb3 Nf6 7.e4 O-O 8.Be3 d6
9.Be2 Nd7 10.Rc1 a5 11.O-O a4 12.Nd4 Nxd4 13.Bxd4 Bh6 14.Rc2 Re8 15.f3 Nc5
16.f4 Qa5 17.Nd5 Bg7 18.Bxg7 Kxg7 19.Qd4+ e5 20.fxe5 Rxe5 {#r} 1-0

[Event "Ch Germany (team) (universities)"]
[Site "Muenster (Germany)"]
[Round "4"]
[White "Haskamp Stephan (GER)"]
[Black "Wenzel Reinhard (GER)"]
[Result "1-0"]
[WhiteElo "2281"]
[BlackElo "2244"]

1.c4 c5 2.Nc3 Nc6 3.Nf3 g6 4.e3 Nf6 5.d4 Bg7 6.d5 Nb8 7.Be2 O-O 8.O-O d6 9.e4
b5 10.cxb5 a6 11.a4 axb5 12.Bxb5 Ba6 13.Bd2 Nbd7 14.Re1 Ng4 15.Qb1 Nde5
16.Nxe5 Nxe5 17.b4 Bxb5 18.Nxb5 cxb4 19.Bxb4 Qb6 20.Ra2 Rfc8 21.Bc3 Rc4 22.a5
Qc5 23.a6 Nd7 24.Bd2 Qc8 25.Rc1 Ne5 26.a7 Qb7 27.Rac2 Rxa7 28.Rxc4 Nxc4
29.Nxa7 Qxb1 30.Rxb1 Nxd2 31.Rb8+ Bf8 32.f3 Nc4 33.Nc8 Kg7 34.Nb6 Nxb6 35.Rxb6
Kf6 36.f4 e6 37.dxe6 fxe6 38.Rb7 h5 39.Kf2 Bh6 40.Kf3 g5 41.g3 h4 42.fxg5+
Bxg5 43.g4 Bd2 44.Rd7 Bb4 45.Rh7 Kg5 46.Rh5+ {#r} 1-0

[Event "It (open)"]
[Site "Novi Sad (Serbia)"]
[Round "3"]
[White "Zilberman Nathan R (KGZ)"]
[Black "Mihajlovic Miodrag (SRB)"]
[Result "1-0"]
[WhiteElo "2330"]
[BlackElo "2090"]

1.c4 c5 2.Nc3 Nc6 3.e3 e6 4.d4 cxd4 5.exd4 d5 6.Nf3 dxc4 7.Bxc4 Bb4 8.O-O Bxc3
9.bxc3 Nge7 10.Re1 Qa5 11.Qd3 a6 12.Bb3 Bd7 13.Nd2 Rc8 14.Ne4 Nf5 15.Bf4 Nce7
16.g4 Kf8 17.gxf5 Qxf5 18.Bd6 h5 19.Qg3 Rh6 20.Bxe7+ Kxe7 21.Nd6 Qf6 22.Nxc8+
{#r} 1-0

[Event "corr."]
[Site "DDR"]
[Round "0"]
[White "Kuehne Klaus-Dieter (GER)"]
[Black "Melzer Jan Dr (CZE)"]
[Result "1-0"]
[WhiteElo "2060"]
[BlackElo "2071"]

1.c4 c5 2.Nc3 Nc6 3.Nf3 g6 4.e3 Bg7 5.d4 cxd4 6.exd4 d6 7.Be2 Nf6 8.d5 Nb8
9.O-O O-O 10.Be3 Nbd7 11.Nd4 Ne5 12.h3 a6 13.Qd2 Qc7 14.b3 b6 15.Rac1 Bb7
16.Bh6 Rac8 17.Bxg7 Kxg7 18.f4 Ned7 19.Bf3 Rfe8 20.Rfe1 Nf8 21.f5 Qc5 22.Qf2
N8d7 23.Kh1 Ne5 24.Qd2 Nxf3 25.gxf3 Rcd8 26.fxg6 hxg6 27.Nf5+ {#r} 1-0

[Event "?"]
[Site "Berlin (Germany)"]
[Round "7"]
[White "Gabriel Josef (GER)"]
[Black "Stratil Ladislav Jr (CZE)"]
[Result "0-1"]
[WhiteElo "2083"]
[BlackElo "2345"]

1.c4 c5 2.Nc3 Nc6 3.Nf3 g6 4.d4 cxd4 5.Nxd4 Bg7 6.Nc2 d6 7.g3 Nf6 8.Bg2 O-O
9.O-O Be6 10.b3 Qd7 11.Re1 Bh3 12.Bh1 Nh5 13.Bb2 f5 14.f4 e5 15.Nd5 e4 16.Bxg7
Qxg7 17.Qd2 Rae8 18.b4 h6 19.Kf2 g5 20.e3 Rc8 21.Rec1 Qf7 22.Nd4 Ng7 23.Rc2
Rcd8 24.Qc3 Rc8 25.Rac1 Ne8 26.Bg2 Bxg2 27.Kxg2 Ng7 28.Rf2 g4 29.Rfc2 h5
30.Rh1 Kh7 31.h3 gxh3+ 32.Rxh3 Kg6 33.Kg1 Rfe8 34.a3 Red8 35.Qd2 Rd7 36.Qd1
Rdd8 37.Rch2 Rh8 38.g4 Nxd4 39.Qxd4 fxg4 40.f5+ Nxf5 41.Qxe4 gxh3 42.Rf2 Rce8
43.Qf4 Rhg8 44.Kh2 {#R} 0-1

[Event "Ch Bayern"]
[Site "Bayern (Germany)"]
[Round "0"]
[White "Renner Christoph (GER)"]
[Black "Pauli Alexander Dr (GER)"]
[Result "1-0"]
[WhiteElo "2337"]
[BlackElo "2167"]

1.c4 c5 2.Nc3 Nc6 3.Nf3 g6 4.e3 Nf6 5.d4 cxd4 6.exd4 d5 7.Bg5 dxc4 8.Bxc4 Bg7
9.d5 Na5 10.Be2 Bd7 11.O-O O-O 12.Ne5 Ne8 13.Nxd7 Qxd7 14.Bb5 Qd6 15.Re1 Nf6
16.Qa4 b6 17.Bf4 Qc5 18.Rac1 Nxd5 19.Nxd5 Qxd5 20.b4 a6 21.Be2 Qe4 22.Be3 Rac8
23.Bf3 Qh4 24.Rxc8 Rxc8 25.Qd7 {#r} 1-0

[Event "It (open)"]
[Site "Bolzano (Italy)"]
[Round "0"]
[White "Contin Daniel (ITA)"]
[Black "Ljubisavljevic Zivojin Z (SRB)"]
[Result "0-1"]
[WhiteElo "2380"]
[BlackElo "2355"]

1.c4 c5 2.Nc3 Nc6 3.Nf3 e5 4.g3 f5 5.d3 d6 6.Bg2 Nge7 7.O-O h6 8.Ne1 g6 9.Nc2
Bg7 10.Bd2 O-O 11.Ne3 f4 12.Ned5 g5 13.e3 Bf5 14.Qc2 Qd7 15.Nxe7+ Nxe7 16.gxf4
Bh3 17.Qd1 exf4 18.exf4 gxf4 19.Qf3 Bg4 20.Qxb7 f3 21.Bxf3 Rxf3 22.Qxa8+ Rf8
23.Qe4 Bf3 24.Qh4 Rf6 25.Rfe1 Rg6+ 26.Kf1 Nf5 27.Qf4 Nd4 28.Qh4 Bg2+ {#R} 0-1

[Event "Ch Schleswig Holstein (j)"]
[Site "Schleswig Holstein (Germany)"]
[Round "0"]
[White "Krueger Wolfgang (GER)"]
[Black "Sislian Hanno (GER)"]
[Result "0-1"]
[WhiteElo "2104"]
[BlackElo "2252"]

1.c4 c5 2.Nc3 Nc6 3.Nf3 e5 4.d3 g6 5.Bg5 f6 6.Bd2 Nge7 7.Ne4 Nf5 8.g4 Nd6 9.g5
Nxe4 10.dxe4 fxg5 11.Bxg5 Be7 12.Bh6 Qa5+ 13.Bd2 Qc7 14.Bc3 d6 15.h4 Bd7 16.e3
O-O-O 17.Qd2 h6 18.a3 g5 19.h5 Rhf8 20.Ng1 g4 21.Ne2 Bg5 22.Qd3 Be6 23.Ng3 Qf7
24.Nf5 Ne7 25.Qxd6 Bxf5 26.Qxc5+ Nc6 27.exf5 Qxf5 28.f4 Bxf4 {#R} 0-1

[Event "Ch Hessen (qual)"]
[Site "Hessen (Germany)"]
[Round "4"]
[White "Zilch Lothar (GER)"]
[Black "Rudolph Peter (GER)"]
[Result "0-1"]
[WhiteElo "1955"]
[BlackElo "2085"]

1.c4 c5 2.Nc3 Nc6 3.Nf3 g6 4.e3 Bg7 5.d4 cxd4 6.exd4 d6 7.g3 Bg4 8.d5 Nd4
9.Qa4+ b5 10.Nxb5 Nxf3+ 11.Ke2 Nd4+ 12.Ke1 Bd7 13.Qd1 Nxb5 14.cxb5 Nf6 15.a4
O-O 16.Be2 Bh3 17.Bf3 Nd7 18.Rg1 Ne5 19.g4 f5 20.g5 Bg4 21.Be2 Bxe2 22.Qxe2
Rc8 23.a5 Qc7 24.Be3 f4 25.b6 axb6 26.Bxb6 Qc4 27.Qxc4 Nxc4 28.Ke2 Nxb6
29.axb6 Rb8 30.Ra7 Rxb6 31.Rxe7 f3+ 32.Kd3 Rb3+ 33.Kc4 Rfb8 {#R} 0-1

[Event "Olympiad"]
[Site "Novi Sad (Serbia)"]
[Round "0"]
[White "Johansen Darryl K (AUS)"]
[Black "Renet Olivier (FRA)"]
[Result "1-0"]
[WhiteElo "2419"]
[BlackElo "2535"]

1.c4 c5 2.Nc3 Nc6 3.Nf3 Nf6 4.g3 g6 5.Bg2 Bg7 6.d4 cxd4 7.Nxd4 O-O 8.Nc2 d6
9.O-O Nd7 10.Bd2 Nc5 11.Rc1 Re8 12.b4 Nd7 13.a3 Nb6 14.Ne3 e6 15.c5 dxc5
16.bxc5 Nd7 17.Nb5 Rf8 18.Nc4 Nxc5 19.Ncd6 a6 20.Be3 axb5 21.Bxc5 Qa5 22.Nxb7
Bxb7 23.Bxf8 Rxf8 24.Bxc6 Bxc6 25.Rxc6 Qxa3 26.Qc1 Bb2 27.Qc5 b4 28.Rd1 Qa8
29.Qc4 Bc3 30.Rd7 Qa1+ 31.Kg2 Qb1 32.e4 Qe1 33.Rc8 Rxc8 34.Qxc8+ Kg7 35.Qb7
Kg8 36.Rxf7 {#r} 1-0

[Event "It"]
[Site "Elgoibar (Spain)"]
[Round "0"]
[White "Alvarez Ibarra Rafael (ESP)"]
[Black "Iruzubieta Jesus Maria (ESP)"]
[Result "1-0"]
[WhiteElo "2344"]
[BlackElo "2397"]

1.c4 c5 2.Nc3 Nc6 3.Nf3 g6 4.e3 Bg7 5.d4 d6 6.d5 Na5 7.e4 Nf6 8.Be2 O-O 9.Bd2
a6 10.O-O b5 11.cxb5 axb5 12.Bxb5 Qb6 13.a4 Ba6 14.Qc2 Ne8 15.Bxa6 Rxa6 16.Nb5
Nc7 17.b4 Nc4 18.Nxc7 Nxd2 19.Nxd2 Qxc7 20.Ra2 f5 21.b5 Raa8 22.Nc4 f4 23.f3
Bd4+ 24.Kh1 g5 25.b6 Qd7 26.a5 g4 27.fxg4 Qxg4 28.a6 Rf6 29.a7 Qg3 30.Ra3 f3
31.gxf3 {#r} 1-0

[Event "It (open) "]
[Site "Jyvaskyla (Finland)"]
[Round "2"]
[White "Nei Iivo (EST)"]
[Black "Aijala Jouko (FIN)"]
[Result "1-0"]
[WhiteElo "2369"]
[BlackElo "2086"]

1.c4 c5 2.Nc3 Nc6 3.Nf3 g6 4.e3 Bg7 5.d4 cxd4 6.exd4 d6 7.d5 Nb8 8.h3 Nf6
9.Bd3 Na6 10.O-O O-O 11.Bf4 Bd7 12.Rc1 Nc7 13.a4 a5 14.Re1 Na6 15.Qd2 Rc8
16.Nb5 Nc5 17.Bc2 Bxb5 18.axb5 Re8 19.Bg5 b6 20.Nd4 Rc7 21.Nc6 Qd7 22.Rcd1 Qc8
23.b4 axb4 24.Qxb4 Rd7 25.Re2 e6 26.Qe1 e5 27.Ra1 h6 28.Be3 Kh7 29.Ra3 Ng8
30.Bb1 f5 31.Rea2 Rf7 32.Ra7 Ref8 33.Bxc5 bxc5 34.b6 Kh8 35.Qa5 g5 36.Qa6 Rxa7
37.Qxa7 Qe8 38.b7 Qh5 39.b8=Q Qd1+ 40.Kh2 f4 41.Qxf8 {#r} 1-0

[Event "It (b)"]
[Site "Borsodtavho (Hungary)"]
[Round "4"]
[White "Pyhala Antti (FIN)"]
[Black "Kekki Petri (FIN)"]
[Result "1-0"]
[WhiteElo "2305"]
[BlackElo "2346"]

1.c4 c5 2.Nc3 Nc6 3.e3 e5 4.g3 d6 5.Bg2 g6 6.d3 Bg7 7.Nge2 Nge7 8.a3 Be6 9.Nd5
Rb8 10.Nec3 a6 11.O-O O-O 12.Bd2 b5 13.b3 f5 14.f4 h6 15.Rb1 Kh7 16.Qc2 Qd7
17.Ne2 Bg8 18.Bc3 b4 19.Nxe7 Nxe7 20.axb4 cxb4 21.Bb2 Qe6 22.e4 Qc8 23.Kh1
fxe4 24.dxe4 d5 25.c5 dxe4 26.Bxe5 Bxe5 27.fxe5 Rxf1+ 28.Rxf1 Qe6 29.Qxe4 Qxb3
30.Nf4 Kg7 31.e6 Qc3 32.Nd5 Nxd5 33.Qxd5 Kh8 34.Qd7 b3 35.e7 b2 36.e8=Q b1=Q
37.Qee7 Qbc2 38.Qh4 h5 39.Qf4 {#r} 1-0

[Event "Tournament"]
[Site "Helsingborg (Sweden)"]
[Round "0"]
[White "Madebrink Lars (SWE)"]
[Black "Eriksson Mats (SWE)"]
[Result "1-0"]
[WhiteElo "2195"]
[BlackElo "2044"]

1.c4 c5 2.Nc3 Nc6 3.Nf3 e5 4.e3 Nf6 5.d4 cxd4 6.exd4 e4 7.Ne5 Bb4 8.Be2 Qa5
9.Nxc6 bxc6 10.Bd2 Qf5 11.O-O Bd6 12.f3 Qh5 13.g3 Qh3 14.Qe1 h5 15.Nxe4 Nxe4
16.fxe4 c5 17.e5 Bc7 18.Bf3 Rb8 19.Bd5 O-O 20.Bc3 cxd4 21.Bxd4 Bb7 22.Bxb7
Rxb7 23.Qe4 Rb4 24.b3 Bb6 25.Rad1 Re8 26.Qd5 Qe6 27.Qxe6 Rxe6 28.Bxb6 Rbxb6
29.Rxd7 Rxe5 30.Rfxf7 Rg6 31.Rxa7 h4 32.Rf4 hxg3 33.Ra8+ Kh7 34.Rh4+ Rh6
35.Rxh6+ Kxh6 36.hxg3 Re2 37.Ra5 g5 38.c5 Kh5 39.Ra4 Rc2 40.Rc4 {#r} 1-0

[Event "Ch World (juniors)"]
[Site "Warsaw (Poland)"]
[Round "0"]
[White "Michalska Maria (POL)"]
[Black "Krush Irina (USA)"]
[Result "1-0"]
[WhiteElo "2069"]
[BlackElo "2475"]

1.c4 c5 2.Nc3 Nc6 3.Nf3 Nf6 4.g3 d6 5.Bg2 e6 6.a3 Be7 7.Rb1 O-O 8.O-O Bd7 9.b4
a6 10.bxc5 Qc7 11.cxd6 Bxd6 12.d4 Rfd8 13.c5 Be7 14.e4 Bc8 15.Qa4 Qd7 16.Rd1
{#r} 1-0

[Event "Ch Yugoslavia"]
[Site "Kladovo (Yugoslavia)"]
[Round "0"]
[White "Abramovic Bosko (SRB)"]
[Black "Vratonjic Slobo (SRB)"]
[Result "1-0"]
[WhiteElo "2426"]
[BlackElo "2417"]

1.c4 c5 2.Nc3 Nc6 3.Nf3 g6 4.e3 Bg7 5.d4 d6 6.d5 Ne5 7.Nxe5 Bxe5 8.e4 Bg7
9.Be2 Nf6 10.Bf4 O-O 11.Qd2 Re8 12.Rd1 a6 13.O-O Bg4 14.f3 Bd7 15.a4 Qa5
16.Qc2 Rac8 17.Bd2 Qc7 18.Qc1 e6 19.dxe6 Bxe6 20.Bh6 Bh8 21.Bf4 Rcd8 22.g4 h5
23.h3 hxg4 24.hxg4 Nh7 25.Kg2 f6 26.Qd2 Bg7 27.Rh1 g5 28.Bg3 Nf8 29.Nd5 Qc6
30.Qc2 Kf7 31.Bd3 Bxd5 32.exd5 Qb6 33.f4 gxf4 34.Bxf4 Ke7 35.Bf5 Kf7 36.b3 Re7
37.g5 Rde8 38.g6+ Kg8 39.Rd2 Qd8 40.Qd3 Qb6 41.Rf2 Re1 42.Rxe1 Rxe1 43.Re2
Rxe2+ 44.Qxe2 Bh8 45.Be6+ Kg7 46.Qh5 f5 47.Qh6+ Kf6 48.g7+ {#r} 1-0

[Event "It (open) "]
[Site "Bratislava (Slovakia)"]
[Round "6"]
[White "Fabik Tomas (SVK)"]
[Black "Abel Peter (SVK)"]
[Result "0-1"]
[WhiteElo "1908"]
[BlackElo "2208"]

1.c4 c5 2.Nc3 Nc6 3.d3 g6 4.g3 b6 5.Bg2 Bb7 6.Nf3 Bg7 7.O-O Nf6 8.Bd2 O-O
9.Rb1 d5 10.cxd5 Nxd5 11.Nxd5 Qxd5 12.a3 Rfd8 13.Bc3 Nd4 14.Ne1 Qd7 15.e3 Bxg2
16.Kxg2 Nf5 17.Qf3 Bxc3 18.bxc3 Qa4 19.e4 Nd6 20.c4 Qxa3 21.Nc2 Qc3 22.Rfc1
Ne8 23.Ne1 Qd4 24.Qe2 Qd6 25.Rd1 Ng7 26.Nc2 Ne6 27.Ne3 h5 28.f4 Nd4 29.Qf2 e6
30.g4 Kh7 31.Rb2 Rh8 32.Kf1 hxg4 33.Qh4+ Kg7 34.Qxg4 Qe7 35.Rg2 Qh4 36.Qxh4
Rxh4 37.f5 exf5 38.exf5 Rf4+ 39.Kg1 Nxf5 40.Nd5 {#R} 0-1

[Event "It (open)"]
[Site "Gausdal (Norway)"]
[Round "0"]
[White "Silseth Simon (SWE)"]
[Black "Ilinsky Vladimir (KGZ)"]
[Result "1-0"]
[WhiteElo "2297"]
[BlackElo "2299"]

1.c4 c5 2.Nc3 Nc6 3.Nf3 e5 4.e3 Nf6 5.d4 cxd4 6.exd4 e4 7.d5 exf3 8.dxc6 dxc6
9.Qxf3 Bg4 10.Qe3+ Be7 11.Be2 O-O 12.Bxg4 Nxg4 13.Qe2 Qd4 14.O-O Bc5 15.Qe4
Rad8 16.h3 Ne5 17.Bf4 Qxe4 18.Nxe4 Bd4 19.Bxe5 Bxe5 20.Rad1 Bxb2 21.Rb1 Bd4
22.Rxb7 Rfe8 23.Ng5 Re2 24.Rd1 Ree8 25.Kf1 Bb6 26.Rxd8 Rxd8 27.Nxf7 Rf8 28.Ne5
Bxf2 29.Nd7 Re8 30.Kxf2 Re4 31.Rxa7 Rxc4 32.Ra8+ {#r} 1-0

[Event "It "]
[Site "Buenos Aires (Argentina)"]
[Round "9"]
[White "Sunye Neto Jaime (BRA)"]
[Black "Rodriguez Andres (URU)"]
[Result "1-0"]
[WhiteElo "2486"]
[BlackElo "2468"]

1.c4 c5 2.Nc3 Nc6 3.Nf3 g6 4.e3 Bg7 5.d4 d6 6.Be2 Nh6 7.d5 Nb8 8.e4 O-O 9.Bf4
a6 10.Qd2 Ng4 11.h3 Nf6 12.O-O Nbd7 13.Rfe1 Ne8 14.a3 Rb8 15.Bd3 Qc7 16.Rac1
b6 17.b4 Ne5 18.Nxe5 dxe5 19.Be3 Bd7 20.Qc2 f5 21.f3 Bf6 22.bxc5 bxc5 23.exf5
gxf5 24.Bxf5 Bxf5 25.Qxf5 Nd6 26.Qe6+ Kh8 27.Bf2 Rb2 28.Ne4 Nxe4 29.Rxe4 Qa5
30.Rf1 Qd2 31.Qc6 h5 32.Qxc5 Rb3 33.Qc7 Rxa3 34.Rxe5 Qh6 35.Re2 Qg7 36.Bc5 Rc3
37.Qf4 Rc8 38.Bb6 R8xc4 39.Qf5 Qh6 40.d6 Rc1 41.dxe7 Rxf1+ 42.Kxf1 Rc1+ 43.Kf2
Bh4+ 44.g3 Bxg3+ 45.Kxg3 Qg7+ 46.Kh4 Rc4+ 47.f4 {#r} 1-0

[Event "Bundesliga 1990/91 (2nd)"]
[Site "Germany"]
[Round "0"]
[White "Siegel Georg (GER)"]
[Black "Treffert Peter (GER)"]
[Result "0-1"]
[WhiteElo "2320"]
[BlackElo "2285"]

1.c4 c5 2.Nc3 Nc6 3.Nf3 Nd4 4.e3 Nxf3+ 5.Qxf3 g6 6.b3 Bg7 7.Bb2 Nh6 8.h4 d6
9.h5 g5 10.Bd3 Qd7 11.Qe2 b6 12.Be4 Bb7 13.Qf3 Bxe4 14.Qxe4 O-O 15.O-O-O f5
16.Qf3 e6 17.d4 Qe7 18.dxc5 dxc5 19.Qc6 Rac8 20.Rd7 Rxc6 21.Rxe7 Rf7 22.Re8+
Rf8 23.Rxf8+ Kxf8 24.Rd1 Ke8 25.Nb5 Bxb2+ 26.Kxb2 a6 27.Nc3 Ng4 28.Rd2 Ke7
29.Na4 h6 30.Kc3 Nf6 31.f3 Nxh5 32.b4 cxb4+ 33.Kxb4 Nf6 34.Nc3 Rd6 35.Re2 Kd7
36.Na4 Kc6 37.Kc3 Nd7 38.g3 e5 39.Kc2 e4 40.fxe4 fxe4 41.Nc3 Nc5 42.Rf2 b5
43.cxb5+ axb5 44.a3 Kb6 45.Rf8 Rc6 46.Nd5+ Kb7 47.Rf7+ Kb8 48.Kc3 Nd3+ 49.Kd2
Ne5 50.Re7 Nf3+ 51.Ke2 Rc2+ 52.Kf1 Ra2 53.Nb4 Rxa3 54.Nc6+ Ka8 55.Ke2 Ra2+
56.Kd1 Ra6 57.Rc7 h5 58.Kc2 h4 59.gxh4 gxh4 60.Kb3 h3 61.Nb4 Ra1 {#R} 0-1